000 00749nam a22001937a 4500
003 OSt
005 20240909110557.0
008 240909b ||||| |||| 00| 0 eng d
040 _cAIMIT LIBRARY
100 _aShetty, Sharanya G.
_e2216177
_9178931
245 _aPsychological ownership :
_cBy Sharanya G Shetty ; Guided by Justin James.
_bdeterminants and its influence on organisational commitment a study with special reference to manipal technologies limited /
260 _aManipal ;
_c2024.
650 _aLiterature review
_9178932
650 _aResearch methodology
_9178933
650 _aData analysis and interpretations
_9178934
700 _aJames, Justin.
_eGuide
_9178935
856 _3Manipal Technologies limited
942 _2ddc
_cPRO
999 _c231781
_d231781